Thermodynamics made simple for energy engineers / (Record no. 98426)
[ view plain ]
| 000 -LEADER | |
|---|---|
| fixed length control field | 01775nam a2200397 i 4500 |
| 001 - CONTROL NUMBER | |
| control field | ebr10849105 |
| 003 - CONTROL NUMBER IDENTIFIER | |
| control field | CaPaEBR |
| 006 - FIXED-LENGTH DATA ELEMENTS--ADDITIONAL MATERIAL CHARACTERISTICS--GENERAL INFORMATION | |
| fixed length control field | m o d |
| 007 - PHYSICAL DESCRIPTION FIXED FIELD--GENERAL INFORMATION | |
| fixed length control field | cr cn||||||||| |
| 008 - FIXED-LENGTH DATA ELEMENTS--GENERAL INFORMATION | |
| fixed length control field | 140325t20122012gaua o 001 0 eng d |
| 020 ## - INTERNATIONAL STANDARD BOOK NUMBER | |
| Cancelled/invalid ISBN | 9788817365031 |
| Cancelled/invalid ISBN | 9781439852019 |
| International Standard Book Number | 9788817365116 (e-book) |
| 040 ## - CATALOGING SOURCE | |
| Original cataloging agency | CaPaEBR |
| Language of cataloging | eng |
| Description conventions | rda |
| -- | pn |
| Transcribing agency | CaPaEBR |
| 035 ## - SYSTEM CONTROL NUMBER | |
| System control number | (OCoLC)878141252 |
| 050 14 - LIBRARY OF CONGRESS CALL NUMBER | |
| Classification number | TJ265 |
| Item number | .R384 2012eb |
| 082 04 - DEWEY DECIMAL CLASSIFICATION NUMBER | |
| Classification number | 621.402/1 |
| Edition number | 23 |
| 100 1# - MAIN ENTRY--PERSONAL NAME | |
| Personal name | Rauf, S. Bobby, |
| Dates associated with a name | 1956- |
| Relator term | author. |
| 245 10 - TITLE STATEMENT | |
| Title | Thermodynamics made simple for energy engineers / |
| Statement of responsibility, etc | by S. Bobby Rauf. |
| 264 #1 - PRODUCTION, PUBLICATION, DISTRIBUTION, MANUFACTURE, AND COPYRIGHT NOTICE | |
| Place of production, publication, distribution, manufacture | Lilburn, Georgia : |
| Name of producer, publisher, distributor, manufacturer | The Fairmont Press, Inc., |
| Date of production, publication, distribution, manufacture, or copyright notice | 2012. |
| Place of production, publication, distribution, manufacture | Boca Raton, Florida ; |
| -- | London, England : |
| Name of producer, publisher, distributor, manufacturer | Distributed by Taylor & Francis Ltd., |
| Date of production, publication, distribution, manufacture, or copyright notice | [date of distribution not identified] |
| Date of production, publication, distribution, manufacture, or copyright notice | �2012 |
| 300 ## - PHYSICAL DESCRIPTION | |
| Extent | 1 online resource (362 pages) : |
| Other physical details | illustrations |
| 336 ## - CONTENT TYPE | |
| Content type term | text |
| Source | rdacontent |
| 337 ## - MEDIA TYPE | |
| Media type term | computer |
| Source | rdamedia |
| 338 ## - CARRIER TYPE | |
| Carrier type term | online resource |
| Source | rdacarrier |
| 500 ## - GENERAL NOTE | |
| General note | Includes index. |
| 588 ## - SOURCE OF DESCRIPTION NOTE | |
| Source of description note | Description based on print version record. |
| 590 ## - LOCAL NOTE (RLIN) | |
| Local note | Electronic reproduction. Palo Alto, Calif. : ebrary, 2014. Available via World Wide Web. Access may be limited to ebrary affiliated libraries. |
| 650 #0 - SUBJECT ADDED ENTRY--TOPICAL TERM | |
| Topical term or geographic name as entry element | Thermodynamics. |
| Topical term or geographic name as entry element | Engineers. |
| 655 #0 - INDEX TERM--GENRE/FORM | |
| Genre/form data or focus term | Electronic books. |
| 776 08 - ADDITIONAL PHYSICAL FORM ENTRY | |
| Display text | Print version: |
| Main entry heading | Rauf, S. Bobby, 1956- |
| Title | Thermodynamics made simple for energy engineers. |
| Place, publisher, and date of publication | Lilburn, Georgia ; Boca Raton, Florida ; London, England : The Fairmont Press, Inc. : Distributed by Taylor & Francis Ltd., c2012 |
| Physical description | x, 352 pages |
| International Standard Book Number | 9788817365031 |
| Record control number | 2011037041 |
| 797 2# - LOCAL ADDED ENTRY--CORPORATE NAME (RLIN) | |
| Corporate name or jurisdiction name as entry element | ebrary. |
| 856 40 - ELECTRONIC LOCATION AND ACCESS | |
| Uniform Resource Identifier | <a href="http://site.ebrary.com/lib/rucke/Doc?id=10849105">http://site.ebrary.com/lib/rucke/Doc?id=10849105</a> |
| Public note | An electronic book accessible through the World Wide Web; click to view |
No items available.
